书目信息 |
| 题名: |
煤气净化技术
|
|
| 作者: | 许世森 , 李春虎 , 郜时旺 编著 | |
| 分册: | ||
| 出版信息: | 北京 化学工业出版社 2006 |
|
| 页数: | 509页 | |
| 开本: | 21cm | |
| 丛书名: | 煤清洁转化新技术丛书 | |
| 单 册: | ||
| 中图分类: | TQ546.5 | |
| 科图分类: | ||
| 主题词: | 煤气--净化--技术 | |
| 电子资源: | ||
| ISBN: | 7-5025-7704-1 | |
| 000 | 01089oam2 2200301 450 | |
| 001 | 012004001034 | |
| 005 | 20070805145157.82 | |
| 009 | 012004001034 | |
| 010 | @a7-5025-7704-1@dCNY36.00 | |
| 035 | @a(110019)012004205106 | |
| 100 | @a20051201d2006 em y0chiy0110 ea | |
| 101 | 0 | @achi |
| 102 | @aCN@b110000 | |
| 105 | @ay z 000yy | |
| 106 | @ar | |
| 200 | 1 | @a煤气净化技术@Amei qi jing hua ji shu@f许世森, 李春虎, 郜时旺编著@Fxu shi sen , li chun hu , gao shi wang bian zhu |
| 210 | @a北京@c化学工业出版社@d2006 | |
| 215 | @a509页@d21cm | |
| 225 | 2 | @a煤清洁转化新技术丛书@Amei qing jie zhuan hua xin ji shu cong shu |
| 330 | @a本书详细地介绍了煤气净化理论基础、煤气脱硫、煤气干法脱硫、煤气同温脱硫、硫回收工艺等内容,重点突出了煤气净化工艺和煤气高温净化技术的原理、现状、应用及发展趋势。 | |
| 461 | 0 | @12001 @a煤清洁转化新技术丛书 |
| 606 | 0 | @a煤气@x净化@x技术 |
| 690 | @aTQ546.5@v4 | |
| 701 | 0 | @a许世森@Axu shi sen@4编著 |
| 701 | 0 | @a李春虎@Ali chun hu@4编著 |
| 701 | 0 | @a郜时旺@Agao shi wang@4编著 |
| 801 | 0 | @aCN@b110019@c20070805 |
| 905 | @dTQ546.5@e27@f4 | |
| 煤气净化技术/许世森, 李春虎, 郜时旺编著.-北京:化学工业出版社,2006 |
| 509页;21cm.-(煤清洁转化新技术丛书) |
| ISBN 7-5025-7704-1:CNY36.00 |
| 本书详细地介绍了煤气净化理论基础、煤气脱硫、煤气干法脱硫、煤气同温脱硫、硫回收工艺等内容,重点突出了煤气净化工艺和煤气高温净化技术的原理、现状、应用及发展趋势。 |
| ● |
| 相关链接 |
|
|
|
|
正题名:煤气净化技术
索取号:TQ546.5/27
 
预约/预借
| 序号 | 登录号 | 条形码 | 馆藏地/架位号 | 状态 | 备注 |
| 1 | 0851026 | 208510262 | 第二样本阅览室/ [索取号:TQ546.5/27] | 在馆 | |
| 2 | 0851027 | 208510271 | 第三借阅区/ [索取号:TQ546.5/27] | 在馆 | |
| 3 | 0851028 | 208510280 | 第三借阅区/ [索取号:TQ546.5/27] | 在馆 | |
| 4 | 0851029 | 208510299 | 第三借阅区/ [索取号:TQ546.5/27] | 在馆 |